00801cam a2200205 a 450000100100000000500170001000800410002704000250006808200110009310000350010424500490013926000430018830000210023144000350025265000280028765000320031595201140034795201190046199900150058000000888520200929161431.0850509s1972 ck 000 0 spa  aDO-SdBNPbspacBNPHU axxbxx1 aDíaz Castro, Eugenio.92343713aEl rejo de enlazar /cEugenio Díaz Castro. aMedellín, Colombia :bBedout,c1972. a239 p. ;c21 cm. 0aBolsilibros Bedout,v11993750 4aNovela colombiana91243 4aLiteratura colombiana91244 001052708MOaGRbGRcCTd2009-09-19iLF1l0oxx xxp8885-10r2020-06-25w2020-06-25y2ZPréstamo interno 001053728MOaGRbGRcCTd2010-05-12iLF1l0oxx xxp8885-20r2020-06-25te.2w2020-06-25y2ZPréstamo interno c8654d8654